000 00591nam a2200181Ia 4500
008 100920s9999 xx 000 0 und d
082 _b101601
_a891.43 न 08
100 _aबेरी मीनाक्षी.
245 _aउपयोगी पेड पौधे.
260 _bअपराजिता इलाहबाद.
_c2008
300 _a160
_bसाधी
365 _b175
520 _aहिंदी.
630 _aउपयोगी पेड पौधे.
650 _aहिंदी.
730 _aउपयोगी पेड पौधे.
942 _cBOOK
999 _c742038
_d742035